[Event "Yangon schev"]
[Site "Yangon"]
[Date "1999.02.03"]
[Round "4"]
[White "Aung, Thant Zin"]
[Black "Khin, Thaung"]
[Result "1-0"]
[WhiteElo "2410"]
[BlackElo "2509"]
[PlyCount "121"]
[EventDate "1999.01.??"]
[EventType "schev"]
[EventRounds "14"]
[EventCountry "BUR"]
[SourceTitle "EXT 2000"]
[Source "ChessBase"]
[SourceDate "1999.11.16"]
[SourceVersion "1"]
[SourceVersionDate "1999.11.16"]
[SourceQuality "1"]

1. e4 c5 2. Nf3 e6 3. d4 cxd4 4. Nxd4 Nf6 5. Nc3 Nc6 6. Be3 Bb4 7. Bd3 Ne5 8. h3 a6 9. 0-0 d5 10. Nde2 0-0 11. exd5 Nxd5 12. Nxd5 Qxd5 13. Nf4 Qd6 14. a3 Bc5 15. Bxc5 Qxc5 16. b4 Qc7 17. Re1 Nxd3 18. Nxd3 b6 19. Re3 Bb7 20. Rc1 Rad8 21. Qg4 Qc3 22. Nf4 Qd2 23. Rce1 g6 24. Nh5 Qxc2 25. Qh4 Rd1 26. Nf6+ Kg7 27. Nxh7 Qc1 28. Rxd1 Qxd1+ 29. Kh2 Qd6+ 30. Rg3 Qd8 31. Ng5 Rh8 32. Qf4 Qe7 33. Qe5+ f6 34. Qxe6 Re8 35. Qxe7+ Rxe7 36. Nf3 Re2 37. Kg1 Ra2 38. Nh4 Be4 39. Re3 f5 40. f3 Bd5 41. Rd3 Bf7 42. f4 a5 43. Nf3 a4 44. Ne5 Be8 45. Rd8 Bb5 46. Rd6 Be8 47. Re6 Kf8 48. Rxb6 Rxa3 49. Nxg6+ Kg7 50. Ne7 Ra1+ 51. Kh2 a3 52. Nxf5+ Kf8 53. Ra6 Bd7 54. Ne3 Bb5 55. Ra8+ Ke7 56. Ra7+ Kd6 57. f5 Bd3 58. f6 Bg6 59. f7 Bxf7 60. Rxf7 a2 61. Ra7 1-0